| 000 | 00608nam a2200229Ia 4500 | ||
|---|---|---|---|
| 008 | 160803s9999 xx 000 0 und d | ||
| 020 | _a0 545622441 | ||
| 100 | _aDavies, Nicola | ||
| 245 | _aWhat's eating you? : | ||
| 245 | _bparasites--the inside story / | ||
| 245 | _cNicola Davies ; illustrated by Neal Layton. | ||
| 260 | _aNew York : | ||
| 260 | _bScholastic Inc. | ||
| 260 | _c2007 | ||
| 300 | _a60 pages : | ||
| 300 | _bcolor illustrations ; | ||
| 300 | _c16 x 25 cm. | ||
| 500 | _aIncludes index. | ||
| 650 | _aParasites -- | ||
| 650 | _xJuvenile literature. | ||
| 700 | _a1110 | ||
| 999 |
_c299754 _d299754 |
||